Normal view MARC view
  • Ayesha Tariq

Entry Personal Name

Number of records used in: 2

001 - CONTROL NUMBER

  • control field: 84100

003 - CONTROL NUMBER IDENTIFIER

  • control field: NUST

005 - DATE AND TIME OF LATEST TRANSACTION

  • control field: 20211113114543.0

008 - FIXED-LENGTH DATA ELEMENTS

  • fixed length control field: 211113|| aca||aabn | a|a d

040 ## - CATALOGING SOURCE

  • Original cataloging agency: NUST
  • Transcribing agency: NUST

100 ## - HEADING--PERSONAL NAME

  • Personal name: Ayesha Tariq

670 ## - SOURCE DATA FOUND

  • Source citation: Work cat.: (NUST): Ayesha Tariq, TH-SOF-1916-A Model Driven Framework for Modeling and Verification of Underwater Wireless Sensor Networks, 2021.
© 2023 Central Library, National University of Sciences and Technology. All Rights Reserved.